000 00296nam a22001337a 4500
008 170601b xxu||||| |||| 00| 0 eng d
020 _a9780312570699
041 _aeng
080 _a94(100)
100 _a17
101 _aSHH
245 _aACCOMPLICE TO EVIL
_cLEDEEN,M.A
942 _2udc
_cBK
999 _c15298
_d15298